New answers to old questions : (Запис № 529808)

МАРК-запис
000 -LEADER
fixed length control field 01397nam a2200325 a 4500
001 - CONTROL NUMBER
control field newanswerstooldq00hers
003 - CONTROL NUMBER IDENTIFIER
control field CaSfIA
005 - DATE AND TIME OF LATEST TRANSACTION
control field 20210118192530.0
007 - PHYSICAL DESCRIPTION FIXED FIELD--GENERAL INFORMATION
fixed length control field cr||||
008 - FIXED-LENGTH DATA ELEMENTS--GENERAL INFORMATION
fixed length control field 851203s1986 flu b 000 0 eng
010 ## - LIBRARY OF CONGRESS CONTROL NUMBER
LC control number 85082439
040 ## - CATALOGING SOURCE
Original cataloging agency DLC
Transcribing agency DLC
Modifying agency BTCTA
-- CaSfIA
020 ## - INTERNATIONAL STANDARD BOOK NUMBER
Terms of availability $13.95
035 ## - SYSTEM CONTROL NUMBER
System control number (OCoLC)21149304
050 00 - LIBRARY OF CONGRESS CALL NUMBER
Classification number RB170
Item number .H47 1986
082 00 - DEWEY DECIMAL CLASSIFICATION NUMBER
Classification number 616.07/1
Edition number 20
100 1# - MAIN ENTRY--PERSONAL NAME
Personal name Hersey, Harry.
245 10 - TITLE STATEMENT
Title New answers to old questions :
Medium [electronic resource]
Remainder of title the free radical story /
Statement of responsibility, etc [Harry Hersey].
260 ## - PUBLICATION, DISTRIBUTION, ETC. (IMPRINT)
Place of publication, distribution, etc Lake Worth, FL (P.O. Box 1689, Lake Worth 33460) :
Name of publisher, distributor, etc HMHT Corp.,
Date of publication, distribution, etc c1986.
300 ## - PHYSICAL DESCRIPTION
Extent 180 p. ;
Dimensions 24 cm.
504 ## - BIBLIOGRAPHY, ETC. NOTE
Bibliography, etc Bibliography: p. 166-180.
506 ## - RESTRICTIONS ON ACCESS NOTE
Standardized terminology for access restriction Необхідна авторизація на https://archive.org/ (створення облікового запису безкоштовно)
506 ## - RESTRICTIONS ON ACCESS NOTE
Standardized terminology for access restriction Необхідна авторизація на https://openlibrary.org/ (створення облікового запису безкоштовно)
650 #0 - SUBJECT ADDED ENTRY--TOPICAL TERM
Topical term or geographic name as entry element Free radicals (Chemistry)
General subdivision Health aspects.
650 #0 - SUBJECT ADDED ENTRY--TOPICAL TERM
Topical term or geographic name as entry element Chelation therapy.
650 #0 - SUBJECT ADDED ENTRY--TOPICAL TERM
Topical term or geographic name as entry element Antioxidants.
856 41 - ELECTRONIC LOCATION AND ACCESS
Uniform Resource Identifier <a href="http://www.archive.org/details/newanswerstooldq00hers">http://www.archive.org/details/newanswerstooldq00hers</a>
Public note Free eBook from the Internet Archive
856 42 - ELECTRONIC LOCATION AND ACCESS
Uniform Resource Identifier <a href="http://www.openlibrary.org/books/OL2560729M">http://www.openlibrary.org/books/OL2560729M</a>
Public note Additional information and access via Open Library
942 ## - ADDED ENTRY ELEMENTS (KOHA)
Koha item type ЕКнига

Немає доступних примірників.